History Quiz

Random History or Minefield Quiz

Ancient History Bunker Quiz Stats

 Plays Quiz Updated Apr 30, 2015

Score 0/15 Timer 08:00
28 Plays Today
Question Answer % Correct
????
99.9%
????
94.9%
????
88.2%
????
76.1%
????
67.4%
????
61.3%
????
51.4%
????
46.5%
Question Answer % Correct
????
42.3%
????
31%
????
22.3%
????
19.4%
????
13.4%
????
10.4%
????
5.8%

You're not logged in!

Compare scores with friends on all Sporcle quizzes.
OR
Log In

You Might Also Like...

Show Comments

Extras

Top Quizzes Today


Score Distribution

Your Account Isn't Verified!

In order to create a playlist on Sporcle, you need to verify the email address you used during registration. Go to your Sporcle Settings to finish the process.

Report this User

Report this user for behavior that violates our Community Guidelines.

Details: